Responses for show #793 - Wednesday, February 3, 1988

Barbara-Anne Eddy game 3.
Final Jeopardy! logo flashes on the game board's monitors instead of the show's logo.

Contestants

Pam Blank, a celebrity information person from Brooklyn, New York

John Yudelson, a contracts manager from Van Nuys, California

Barbara-Anne Eddy, a freelance researcher from Vancouver, Canada (whose 2-day cash winnings total $21,700)

Jeopardy! Round responses

GEOGRAPHY
SPORTS
CHILDREN'S LITERATURE
MATHEMATICS
COMMON BONDS
HAJEPODGE
    $100 6
Heidi

Barbara-Anne
    $100 24
1

Barbara-Anne
    $100 5
Johnsons

Barbara-Anne
    $100 1
Mecca

Barbara-Anne
    $200 22
(Alex: We've got a minute to go.)

New Zealand

Pam
    $200 21
(Pam: What is karate?)

judo

Barbara-AnnePam
    $200 7
swan

Barbara-Anne
    $200 25
(John: What is square?)
(Barbara: What is a rectangle?)

triangular

Barbara-AnneJohn
Triple Stumper
    $200 26
French things

Barbara-Anne
    $200 2
snake

Barbara-Anne
    $300 14
Transylvania

Barbara-Anne
    $300 11
Muhammad Ali

John
    $300 8
(John: What are rats?)

mice

JohnPam
    $300 17
180

John
    $300 19
words from Roger Miller songs

John
    $300 3
Psycho

Barbara-Anne
    $400 15
Cyprus

Barbara-Anne
    $500 12
tug-of-war

John
    $400 18
one trillion

Pam
    $400 9
(Barbara-Anne: What are prescriptions?)

things you take

Barbara-AnnePam
    $400 4
Japan

Pam
    $500 16
Superior & Michigan

John
    $500 13
volleyball

Pam
    $500 27
(Alex: Correct, and you didn't make a mistake. Glad you had to say it and not I!)
[The end-of-round signal sounds.]

Where's the peck of pickled peppers Peter Piper picked?

Barbara-Anne
    $500 20
magic square

John
    $500 10
(Barbara-Anne: What are business words or words associated with business?)
(Alex: Not specific enough.)

business magazines

Barbara-AnneJohn
    $500 23
mineral springs/waters

John

Scores at the first commercial break (after clue 12):

Barbara-Anne John Pam
$100 $1,000 $1,100

Scores at the end of the Jeopardy! Round:

Barbara-Anne John Pam
$1,600 $2,900 $2,000

Double Jeopardy! Round responses

U.S. HISTORY
THE QUEEN'S ENGLISH
OPERA
HATS
FLOWERS
TOUGH TV TRIVIA
    $200 1
on holiday

Barbara-Anne
    $200 14
Vienna

Pam
    $200 16
Milan

Barbara-Anne
    $1,000 9
(Barbara-Anne: No idea.)
(Alex: Al Jarreau was the singer, and the song was the theme from Moonlighting.)

Bruce Willis

Barbara-Anne
    $400 2
muffler

Barbara-Anne
    $400 17
taj

John
    $400 15
violet

Barbara-Anne
    $400 10
Scott Baio

Barbara-Anne
    $600 18
Campobello Island

Barbara-Anne
    $600 3
umbrella

Barbara-Anne
    $600 7
Gioachino Rossini

Barbara-Anne
    $600 21
(John: What are tulip girls?)
(Alex: We've got a minute to go.)

clowns

JohnPam
    $600 25
iris

Barbara-Anne
    $600 11
(Pam: What was "The Munsters?")

Werewolf or The Night Stalker

Pam
Triple Stumper
    $800 5
(Barbara-Anne: What is the border?)

Indians

Barbara-AnneJohn
    $800 4
crisps

John
    $500 19
Victor Hugo

Barbara-Anne
    $800 26
[The end-of-round signal sounds.]

bonnet

Barbara-Anne
    $800 24
lady's slipper

Barbara-Anne
    $800 12
St. Elsewhere (St. Eligius, the hospital's name)

Barbara-Anne
    $1000 6
General Jacob Coxey

Triple Stumper
    $1000 8
wireless

Barbara-Anne
    $1000 20
The Bartered Bride

Barbara-Anne
    $1000 22
Thomas Gainsborough

Triple Stumper
    $1000 23
(Barbara-Anne: What is the pimiento family?)

olive

Barbara-Anne
Triple Stumper
    $1000 13
We Got It Made

Barbara-Anne

Scores at the end of the Double Jeopardy! Round:

Barbara-Anne John Pam
$8,700 $4,300 $2,200
(lock game)

[wagering suggestions for these scores]

Final Jeopardy! Round responses

PRESIDENTIAL ELECTIONS
(Alex: Two senators and one representative.)
PamWhat is 3?
$0
JohnWhat is 3?
$4,300
Barbara-AnneWhat is 2?
$0
3

Final scores:

Barbara-Anne John Pam
$8,700 $8,600 $2,200
3-day champion: $30,400 2nd place: Trip to Bermuda 3rd place: Krementz Jewelry signet rings

Game dynamics:

Coryat scores:

Barbara-Anne John Pam
$10,000 $4,200 $2,200
28 R
(including 1 DD),
6 W
(including 1 DD)
11 R
(including 1 DD),
3 W
8 R,
2 W

Combined Coryat: $16,400

The J! Archive is created by fans, for fans. The Jeopardy! game show and all elements thereof, including but not limited to copyright and trademark thereto, are the property of Jeopardy Productions, Inc. and are protected under law. This website is not affiliated with, sponsored by, or operated by Jeopardy Productions, Inc. Join the discussion at JBoard.tv.